00326pab a2200121 454500008004000000100001900040245006500059260000900124300001500133362000800148650001300156773003500169180718b2005 xxu||||| |||| 00| 0 eng d aEric, Neumayer aIs the allocation of food aid free from donor interest bias? c2005 ap.394-411. aApr aFood aid aJournal of Development Studies